LEADER 02328nam a2200325 u 4500 001 000000036718 003 CaOOAMICUS 005 20070226112730.0 008 980330m19211925it u000 u lat u 035 $a10787977 040 $aPUL(R)$bita 100 1 $aToso, Albertus.$0(OLS)http://pul/name/21605 245 10$aAd codicem juris canonici Benedicti XV... auctoritate promulgatum commentaria minora, comparativa methodo digesta /$cconcinnavit doct. Albertus Toso. 250 $aEd. 2a. revisa. 260 $aRoma :$bS. Gregorio al Celio,$c1921-1925. 300 $a4 v. ;$c27 cm 630 04$aCodex iuris canonici.$0(OLS)http://pul/subject/4039 850 $aPUL 852 $aPUL$W1$xSL Diritto Canonico 3$y77$m262. 99 CAN.1 20.4$j50301$nBK-PRI$bLib, II, p. I, t. III$qDDC 21$B50304$CPULBib$Z2$F50304 $H321 $82 852 $aPUL$W1$xSL Diritto Canonico 3$y77$m262. 99 CAN.1 20.2$j197842$nBK-PRI$bLib.II, t.1$qDDC 21$B50302$CPULBib$Z2$F50302 $H319 $82 852 $aPUL$W1$xSL Diritto Canonico 3$y77$m262. 99 CAN.1 20.1$j197841$nBK-PRI$bLib. I$qDDC 21$B50301$CPULBib$Z2$F50301 $H318 $82 852 $aPUL$W1$xSL Diritto Canonico 3$y77$m262. 99 CAN.1 20.3$j197843$nBK-PRI$bLib. II, t.II $qDDC 21$B50303$CPULBib$Z2$F50303 $H320 $82 941 1 $a9 960 $aCodice di diritto canonico$94039 961 $aTimbri: Bibliotheca Pontificium Institutum Utriusque Iuris. Precedente collocazione abrasa su targhetta Bibliotheca Pont. Institutum Utriusque Iuris 961 $aTimbri: Bibliotheca Pontificium Institutum Utriusque Iuris. Precedente collocazione abrasa su targhetta Bibliotheca Pont. Institutum Utriusque Iuris 961 $aTimbri: Bibliotheca Pontificium Institutum Utriusque Iuris. Precedente collocazione abrasa su targhetta Bibliotheca Pont. Institutum Utriusque Iuris 961 $aTimbri: Bibliotheca Pontificium Institutum Utriusque Iuris. Precedente collocazione abrasa su targhetta Bibliotheca Pont. Institutum Utriusque Iuris 996 $6245$aAd codicem juris canonici Benedicti XV... auctoritate promulgatum commentaria minora, comparativa methodo digesta$9(OLS)http://pul/title/35938 996 $6260$aRoma :$bS. Gregorio al Celio$9(OLS)http://pul/publisher/59179 LEADER 01445nam a2200313 u 4500 001 000000043874 003 CaOOAMICUS 005 20070226114504.0 008 990415s1976 it u000 u ita u 035 $a10820119 040 $aPUL(R)$bita 041 1 $aita$hrus 100 1 $aIvanov, Vja?eslav,$d1866-1949.$0(OLS)http://pul/name/32073 240 10$aPerepiska iz dvuch uglov.$lItaliano.$0(OLS)http://pul/title/59175 245 10$aCorrispondenza da un angolo all'altro :$bdodici lettere russe /$cVja?, Ivanov e M. Ger?enzon ; con una nota di A. Rudnev e un inedito di Vja?. Ivanov. 260 $aMilano :$bLa Casa di Matriona,$cc1976. 300 $a158 p. ;$c18 cm 490 1 $aPropilei russi ;$v2 504 $aBibliografia in nota. 651 4$aUnione Sovietica$xStoria.$0(OLS)http://pul/subject/6717 700 1 $aRudnev, Andrei Dmitrievic.$0(OLS)http://pul/name/32075 700 1 $aGer?enzon, Michail Usipovi?,$d1869-1925.$0(OLS)http://pul/name/32074 830 0$aPropilei russi ;$v2.$0(OLS)http://pul/title/59177 850 $aPUL 852 $aPUL$W1$xDP1 Cons. Gen., Altre Classi 1$y22$m45 F 76$j59119$nBK-PRI$b $qStampati$B59119$CPULBib$Z2$F59119 $H $81 941 1 $a8 961 $aINV: 53721 996 $6245$aCorrispondenza da un angolo all'altro :$bdodici lettere russe$9(OLS)http://pul/title/59176 996 $6260$aMilano :$bLa Casa di Matriona$9(OLS)http://pul/publisher/64445